000 00653nam a2200205 i 4500
001 75119
003 ES-MaACL
005 20230906172337.0
007 t|
008 040922s1922 fr ||||1| fre d
100 1 _aGor'kiï, Maksim.
_959128
245 1 0 _aEcrits de révolutions /
_cde Máximo Gorki (seud.) ; traduit du russe par André Pierre.
260 _aParis :
_bDelamain Boutellean et Cie,
_c1922 (
_fSaint Amand Bussiere)
300 _aVIII, 255 p. ;
_c19 cm.
490 1 _aLes documents du temps
700 1 _aPierre, André.
_991954
830 0 _aLes documents du temps
_9231240
852 _aES-MaACL
_jD-1977
999 _c75119
_d75119